| Tag |
First Indicator |
Second Indicator |
Subfields |
| LEADER |
00000cam a2200000 a 4500 |
| 001 |
in00001664039 |
| 005 |
20220106093254.0 |
| 008 |
020225s2002 dcu f000 0 eng c |
| 035 |
|
|
|a (OCoLC)ocm49321877
|
| 040 |
|
|
|a GPO
|c GPO
|d DLC
|d MvI
|d UtOrBLW
|
| 042 |
|
|
|a pcc
|
| 043 |
|
|
|a n-us---
|
| 049 |
|
|
|a UDOC
|a WWW
|
| 074 |
|
|
|a 1008-C
|
| 074 |
|
|
|a 1008-C (online)
|
| 074 |
|
|
|a 1008-D (MF)
|
| 074 |
|
|
|a 1008-D (online)
|
| 086 |
0 |
|
|a Y 1.1/8:107-354
|
| 110 |
1 |
|
|a United States.
|b Congress.
|b House.
|b Committee on Rules.
|
| 245 |
1 |
0 |
|a Providing for consideration of the bill (S. 1762) to amend the Higher Education Act of 1965 to establish fixed interest rates for student and parent borrowers, to extend current law with respect to special allowances for lenders, and for other purposes :
|b report (to accompany H. Res. 334).
|
| 264 |
|
1 |
|a [Washington, D.C.] :
|b [U.S. G.P.O.],
|c [2002]
|
| 300 |
|
|
|a 1 unnumbered leaf ;
|c 24 cm.
|
| 336 |
|
|
|a text
|b txt
|2 rdacontent
|
| 337 |
|
|
|a unmediated
|b n
|2 rdamedia
|
| 338 |
|
|
|a sheet
|b nb
|2 rdacarrier
|
| 490 |
1 |
|
|a Report / 107th Congress, 2d session, House of Representatives ;
|v 107-354
|
| 500 |
|
|
|a Caption title.
|
| 500 |
|
|
|a Distributed to some depository libraries in microfiche.
|
| 500 |
|
|
|a "January 23, 2002."
|
| 500 |
|
|
|a Shipping list number: 2002-0114-P.
|
| 500 |
|
|
|a Shipping List Date: 02/21/2002
|
| 530 |
|
|
|a Also available via Internet from the GPO Access web site. Addresses as of 3/13/02: http://frwebgate.access.gpo.gov/cgi-bin/getdoc.cgi?dbname=107c̲ongr̲eports&docid=f:hr354.107 (text version), http://frwebgate.access.gpo.gov/cgi-bin/getdoc.cgi?dbname=107c̲ongr̲eports&docid=f:hr354.107.pdf (PDF version); current access is available via PURLs.
|
| 650 |
|
0 |
|a Student aid
|x Law and legislation
|z United States.
|
| 810 |
1 |
|
|a United States.
|b Congress.
|b House.
|t Report ;
|v 107-354.
|
| 856 |
4 |
1 |
|3 Text version:
|u https://purl.fdlp.gov/GPO/LPS18169
|t 0
|
| 856 |
4 |
1 |
|3 PDF version:
|u https://purl.fdlp.gov/GPO/LPS18170
|z Adobe Acrobat Reader required
|t 0
|
| 999 |
|
|
|a MARS
|
| 999 |
f |
f |
|s 492befe5-6a63-3958-a63d-c864cf8915aa
|i 877ff42f-777b-352a-95c5-baaf6808756a
|t 0
|
| 952 |
f |
f |
|a Texas A&M University
|b College Station
|c Electronic Resources
|d Available Online
|t 0
|e Y 1.1/8:107-354
|h Superintendent of Documents classification
|
| 998 |
f |
f |
|a Y 1.1/8:107-354
|t 0
|l Available Online
|